000 00710nam0a22002411 4500
001 rc\289974
005 20030307121054.9
035 _a(NLR Aleph) 005521360
090 _a5511618
_c5511618
100 _a20030307d1990 u |0rusy50 ca
101 0 _arus
102 _aRU
105 _ay |||||||||
200 1 _aВосхождение
_eЛирич. стихотворения
_fУльяна Ежикова
210 _aМ.
_cПрометей
_d1990
215 _a15 с.
_d14
300 _aИзд. на средства авт.
700 1 _aЕжикова
_bУ. И.
_gУльяна Ивановна
801 0 _aRU
_bNLR
_gpsbo
801 1 _aRU
_bELAR
_2rusmarc
852 _aNLR
_j90-1/75
942 _cBOOK
980 _aNB